Diferential topology / (Record no. 139125)

MARC details
000 -LEADER
fixed length control field 00773nam a22002177a 4500
005 - DATE AND TIME OF LATEST TRANSACTION
control field 20170420143828.0
010 ## - LCCN (DPL NO)
LC control number ENG-117895
020 ## - INTERNATIONAL STANDARD BOOK NUMBER
Terms of availability 1020.00
International Standard Book Number 9781470437275
035 ## - SYSTEM CONTROL NUMBER
System control number EN-101427
037 ## - SOURCE OF ACQUISITION
Source of stock number/acquisition DBAD/PUB
082 ## - DEWEY DECIMAL CLASSIFICATION NUMBER
Classification number 514.72
100 ## - MAIN ENTRY--PERSONAL NAME
Personal name Guillemin,Victor
245 ## - TITLE STATEMENT
Title Diferential topology /
Statement of responsibility, etc by Victor Guillemin [and] Alan Pollack
260 ## - PUBLICATION, DISTRIBUTION, ETC. (IMPRINT)
Place of publication, distribution, etc New Delhi
Name of publisher, distributor, etc American Mathematical Society
Date of publication, distribution, etc 2017
270 ## - ADDRESS
Address Distributed by Universties Press,3-6-747/1/A3-6-754/1Himayat Nagar
City Hydreabad (Telangana)
Postal code 500029
300 ## - PHYSICAL DESCRIPTION
Extent xviii,222p. :
Dimensions 24cm(pbk)
Other physical details ill
490 ## - SERIES STATEMENT
Series statement Graduate Studies in Mathematics ; Volume 161
500 ## - GENERAL NOTE
General note Includes bibliographical references and index
700 ## - ADDED ENTRY--PERSONAL NAME
Personal name Pollack, Alan
942 ## - ADDED ENTRY ELEMENTS (KOHA)
Source of classification or shelving scheme Dewey Decimal Classification
Item type English Books
Classification part 514.72
Call number suffix GUL
Holdings
Withdrawn status Lost status Not for loan Collection code Home library Current library Date acquired Source of acquisition Cost, normal purchase price Full call number Barcode Copy number Cost, replacement price Koha item type
      Non-fiction Bawana Bawana 20/04/2017 DBAD/PUB 1020.00 514.72 MAR EN-101427 1 1020.00 English Books

© Delhi Public Library
Hit Counter
free hit counter